Pulp and paper from rubberwood (Record no. 48073)

MARC details
000 -LEADER
fixed length control field 01411nam a2200121Ia 4500
100 ## - MAIN ENTRY--AUTHOR NAME
Personal name Mohd. Nor Mohd Yusoff
245 #0 - TITLE STATEMENT
Title Pulp and paper from rubberwood
260 ## - PUBLICATION, DISTRIBUTION, ETC. (IMPRINT)
Name of publisher Rubberwood Processing and Utilization, Malaysia, 1994; p201-206
Year of publication 1994
520 ## - SUMMARY, ETC.
Summary, etc Rubberwood is amendable to mechanical, semichemical and chemical pulping processes to produce various grades of paper with acceptable physical and optical properties. The unbleached rubberwood sulphate pulp when blended with a certain proportion of long fibre pulp would be suitable for making wrapping paper or linearboard. The bleached pulp would be suitable for making writting and printing papers. Rubberwood pulps from both mechanical and semichemical processes are suitable for making corrugating medium and also for newsprint. Rubberwood may thus be used commercially for making pulp and paper, provided special attention is given to remove the residual latex in the pulp which otherwise will impair the quality of the paper produced. In this respect several measures have to be undertaken, such as seasoning the logs for at least a month before debarking and chipping, and then if necessary, treating the pulp with surfactants to remove the latex. In this way, rubberwood would be as good as many other temperate hard woods for the production of pulp and paper.
650 ## - SUBJECT ADDED ENTRY--TOPICAL TERM
Topical Term Rubberwood
942 ## - ADDED ENTRY ELEMENTS (KOHA)
Koha item type Bibliography RLWO
Holdings
Withdrawn status Lost status Damaged status Not for loan Home library Current library Date acquired Koha item type
      Bibliography RRII Library RRII Library 31/12/2021 Bibliography RLWO